SUBNATIONAL PLANNING IN SOUTHERN AND EASTERN AFRICA: (Record no. 9615)

MARC details
000 -LEADER
fixed length control field 00422nam a22001577a 4500
003 - CONTROL NUMBER IDENTIFIER
control field OSt
005 - DATE AND TIME OF LATEST TRANSACTION
control field 20260506063715.0
008 - FIXED-LENGTH DATA ELEMENTS--GENERAL INFORMATION
fixed length control field 260506b |||||||| |||| 00| 0 eng d
020 ## - INTERNATIONAL STANDARD BOOK NUMBER
International Standard Book Number 04557
040 ## - CATALOGING SOURCE
Transcribing agency IRDP
082 ## - DEWEY DECIMAL CLASSIFICATION NUMBER
Classification number 307.76 SUB
245 ## - TITLE STATEMENT
Title SUBNATIONAL PLANNING IN SOUTHERN AND EASTERN AFRICA:
Remainder of title APPROACHES, FINANCE AND EDUCATION
260 ## - PUBLICATION, DISTRIBUTION, ETC. (IMPRINT)
Date of publication, distribution, etc. 1989.
700 ## - ADDED ENTRY--PERSONAL NAME
Personal name HELMSING, A.H.J., WEKWETE, K.H.
942 ## - ADDED ENTRY ELEMENTS (KOHA)
Source of classification or shelving scheme Dewey Decimal Classification
Koha item type BOOKS
Holdings
Withdrawn status Lost status Source of classification or shelving scheme Damaged status Not for loan Home library Current library Shelving location Date acquired Total Checkouts Full call number Barcode Date last seen Price effective from Koha item type
    Dewey Decimal Classification     Dodoma Dodoma Ground Floor 06/05/2026   307.76 SUB LIB*7963 06/05/2026 06/05/2026 BOOKS

IRDP © 2021 :: Managed by ICT Team